100 QUOTES - Harry Potter and the Philosopher's Stone - Statistics

General Stats
  • This quiz has been taken 389 times
    378 since last reset
  • The average score is 74 of 100
Answer Stats
Quote Character % Correct
It's Leviosa, not Leviosar. Hermione
100%
She needs to sort out her priorities! Ron
100%
Let the feast...begin. Dumbledore
93%
Now, if you two don't mind, I'm going to bed before either of you come up with another clever idea to get us killed...or worse, expelled! Hermione
93%
The forest? I thought that was a joke! We can't go in there. Students aren't allowed. Draco
92%
Lucky Hermione pays attention in Herbology. Harry
92%
You're a little scary sometimes...you know that? Brilliant, but scary. Ron
92%
Me dad's a Muggle. Mam's a witch. Bit of a nasty shock for him when he found out. Seamus
89%
Dry up, Dursley, you great prune. Hagrid
88%
You've got dirt, on your nose, by the way, did you know? Just there. Hermione
87%
That's what the dog's guarding. That's what Snape wants. Harry
86%
This says Platform 9 ¾. There's no such thing...is there? Harry
86%
No, Ron, you can't! There must be another way! Hermione
86%
Sunshine, daises, butter mellow, turn this stupid fat rat yellow! Ron
86%
You see what I have become? See what I must do to survive? Voldemort
86%
This is Devil's Snare. You have to relax. If you don't, it will only kill you faster. Hermione
85%
I-I'll fight you. Neville
85%
You don't want me as your enemy, Quirrell. Snape
85%
What's the matter, Potter? Bit beyond your reach? Draco
83%
There won't be a child in our world who doesn't know his name. McGonagall
83%
Do you want to stop Snape from getting that stone or not? Ron
83%
People will think you're up to something. Snape
83%
Clearly, fame isn't everything, is it, Mr. Potter? Snape
83%
There will be no foolish wand waving or silly incantations in this class. Snape
83%
Now, don't forget the nice wrist movement we've been practicing. The swish and flick. Flitwick
82%
Strictly speaking, I'm not allowed to do magic. Hagrid
82%
Not in the restricted section...Happy Christmas. Hermione
82%
That's totally barbaric! Hermione
82%
I have found you a Seeker! McGonagall
82%
If Snape can catch it on that old broomstick, you can! Ron
82%
Okay. Then I get Fang! Draco
81%
Sillleeencee! Dumbledore
81%
My body's gone! Harry
81%
He's going to sacrifice himself! Harry
81%
How could I be so stupid? Hermione
81%
Trevor! Neville
81%
That's a Norwegian Ridgeback! Ron
81%
Eye of rabbit, harp string hum. Turn this water, into rum. Seamus
81%
Shouldn't have said that. Don't ask any more questions. Hagrid
80%
Thought you were leaving without saying good-bye, did ya? Hagrid
80%
I think we're going to need another feather over here, Professor. Harry
80%
Troll in the dungeon! Troolll in the dungeon! Thought you ought to know. Quirrell
80%
I think we've had a bad influence on her. Ron
80%
Bring my coffee, boy! Vernon
80%
Alas. Earwax. Dumbledore
79%
No! Don't move! Don't forget, we're still playing. Harry
79%
The staircases change, remember? Hermione
79%
Oh, and keep an eye on the staircases...they like to change. Percy
79%
But he doesn't understand. I'm never alone. Quirrell
79%
There isn't a witch or wizard who went bad who wasn't in Slytherin. Ron
79%
You'd make a fair beater Wood
79%
That means there's a student out of bed. Filch
77%
Clever as they come goblins but not the most friendly of beasts. Hagrid
77%
Well, you can't expect him to hang around all day, can you? Ron
77%
We'll have another chat soon...when you've had time to decide where your loyalties lie. Snape
77%
Assuming that my calculations are correct, I believe that a change of decoration is in order. Dumbledore
76%
Now, I want a nice clean game...from all of you. Hooch
76%
If I see a single broom in the air, the one riding it will find themselves out of Hogwarts before they can say, Quidditch. Hooch
76%
No, dear boy. I tried to kill you! Quirrell
76%
Fine day Sunday. In my opinion, best day of the week. Vernon
76%
Perhaps I heard you wrong. I thought you said..."the four of us." Draco
75%
One minute the glass was there and then it was gone! It was like magic! Harry
75%
Something, that conveniently enough, lies in your pocket! Voldemort
75%
Daddy's gone mad, hasn’t he?! Dudley
74%
Oh, are you doing magic? Let's see then. Hermione
74%
For sheer dumb luck! McGonagall
74%
Hey, look! Neville's got a Remembrall! Dean
73%
Make it move! Dudley
73%
What an idiot. Hermione
73%
Then perhaps a map? I trust you don't need one to find your seats McGonagall
73%
Dismal. Once again, my request to join the headless hunt has been denied. Nearly Headless Nick
73%
He has enough Elixir to set his affairs in order. Dumbledore
71%
Password? Fat Lady
71%
It's wicked fast and damn near impossible to see. Wood
71%
Our job is to make sure that you don't get bloodied up too bad. George
70%
Vault 687. Lamp please. Griphook
68%
I know what it means! Ron
68%
Lumus Solem! Hermione
67%
That's it, we're done for! Ron
67%
Maybe if the fat lump had given this a squeeze, he'd have remembered to fall on his fat ass. Draco
64%
Bless him, look. He knows his mummy. Hagrid
64%
No, I can't spell it. Hagrid
64%
Best do it at a bit of a run if you’re nervous. Molly
64%
You liar! Harry
62%
She said that she'd been in there all afternoon...crying. Neville
62%
Haha. Bravery. Your parents had it too. Voldemort
62%
Drinking the blood of a unicorn will keep you alive even if you are an inch from death. Firenze
58%
Come back down this instant! Hooch
58%
They're the worst sort of Muggles imaginable. McGonagall
57%
It's an outrage! It's a scandal! Hagrid
56%
God, I miss the screaming. Filch
55%
Looks like he's gonna be sick! Hagrid
55%
I know you're in there. You can't hide. Filch
50%
Sorry, don't wish to be rude, but I'm in no fit state to entertain today. Hagrid
50%
How many are there?! Dudley
48%
Hmm...difficult, very difficult. Sorting Hat
48%
No, no, definitely not! Ollivander
42%
Oh, for Gods sake, pull yourself together, man. Filch
33%
What is this magic? Quirrell
33%
Got to have your wits about you. Filch
31%
No matching quizzes found
Score Distribution
Percent of People with Each Score
Percentile by Number Answered
Your Score History
You have not taken this quiz since the last reset